000 00926nam a22002777a 4500
001 BR7604420
003 BR-BrBNA
005 20230928085107.0
007 ta
008 230509b bl.||||| |||| 00| 0 por d
040 _aBR-BrBNA
_bpor
_cBiblioteca Nacional de Agricultura
041 _a(Por)
072 _aF00; E15
_b/G514
090 _ F00 BR7604420
100 1 _aRezende, S.R. de Q.
110 1 _aComissao Estadual de Planejamento Agricola, Porto Alegre, RS (Brasil)
_92057
245 1 _aSinopse estatistica das principais culturas do Rio Grande do Sul - 1975 [Brasil]
260 3 _aPorto Alegre, RS (Brasil):
_c1976.
300 _a65 p.
500 _a(*) Documento disponível no(a) Comissao Estadual de Planejamento Agricola, Porto Alegre, RS (Brazil)
650 _aPRODUCAO VEGETAL
650 _aESTATISTICA AGRICOLA
650 _aRIO GRANDE DO SUL
909 _a202309
_bLucia
_c55
_dLucia Elande
942 _cBK
999 _c22762
_d22762